BUBT Library Online Catalog

The Writer's Work Book (Record no. 1610)

000 -LEADER
fixed length control field 00666nam a2200205Ia 4500
003 - CONTROL NUMBER IDENTIFIER
control field BUBTL
008 - FIXED-LENGTH DATA ELEMENTS--GENERAL INFORMATION
fixed length control field 151213s9999 xx 000 0 und d
020 ## - INTERNATIONAL STANDARD BOOK NUMBER
International Standard Book Number 0-340-75999-2
082 ## - DEWEY DECIMAL CLASSIFICATION NUMBER
Classification number 351.076/NEW
100 ## - MAIN ENTRY--PERSONAL NAME
Personal name Jenny Newman Edmhand. Chsict & Aileen La Tourette
9 (RLIN) 3549
245 ## - TITLE STATEMENT
Title The Writer's Work Book
Statement of responsibility, etc. Jenny Newman Edmhand. Chsict & Aileen La Tourette
260 ## - PUBLICATION, DISTRIBUTION, ETC. (IMPRINT)
Place of publication, distribution, etc. London
Name of publisher, distributor, etc. Arnold
Date of publication, distribution, etc. c2000
300 ## - PHYSICAL DESCRIPTION
Extent 182p . :
Other physical details ill . ; 23cm.
650 ## - SUBJECT ADDED ENTRY--TOPICAL TERM
Topical term or geographic name as entry element English
9 (RLIN) 3550
650 ## - SUBJECT ADDED ENTRY--TOPICAL TERM
Topical term or geographic name as entry element English
9 (RLIN) 3550
700 ## - ADDED ENTRY--PERSONAL NAME
Personal name Jenny Newman Edmhand. Chsict & Aileen La Tourette
9 (RLIN) 3549
856 ## - ELECTRONIC LOCATION AND ACCESS
Password 0
Logon 0
Link text Download
942 ## - ADDED ENTRY ELEMENTS (KOHA)
Source of classification or shelving scheme
Koha item type Books
Holdings
Withdrawn status Lost status Source of classification or shelving scheme Damaged status Not for loan Collection code Permanent location Current location Shelving location Date acquired Inventory number Total Checkouts Full call number Barcode Date last seen Copy number Price effective from Koha item type
          Non-fiction Bangladesh University of Business and Technology Library Bangladesh University of Business and Technology Library English Literature Stacks 09/24/2020 2105   351.076/NEW BUBTL-20032105 09/24/2020 C-1 09/24/2020 Books

More Information About Library

Library Hours

  • Open: 9.00 am. to 9.00 pm.
  • Only Sunday: 9.00 am. to 6.00 pm.
  • Closed: Holiday

Contact to the University

Bangladesh University of Business and Technology Library

  • Mirpurl-2, 1216.
  • Phone:
  • Fax:
  • E-Mail: admin.library@bubt.edu.bd

Contact to the Library

Contact Person:

Md. Abdul Hakim Shah
Joint Librarian
PABX No:  113
Cell No: 01816332931
E-mail: official: admin.library@bubt.edu.bd
Personal: hakim.shah@bubt.edu.bd


BUBT Library

Copyright © 2021